| 000 -LEADER | |
|---|---|
| fixed length control field | 00452nam a22001577a 4500 |
| 005 - DATE AND TIME OF LATEST TRANSACTION | |
| control field | 20230116104910.0 |
| 008 - FIXED-LENGTH DATA ELEMENTS--GENERAL INFORMATION | |
| fixed length control field | 220210b ||||| |||| 00| 0 eng d |
| 020 ## - INTERNATIONAL STANDARD BOOK NUMBER | |
| ISBN | 978-93-88293-56-3 |
| 041 ## - LANGUAGE CODE | |
| Language code of text/sound track or separate title | eng |
| 100 ## - MAIN ENTRY--AUTHOR NAME | |
| Personal name | TIWARI, DR.VARSHA AND AHMAD, DR.SHAMIM |
| 245 ## - TITLE STATEMENT | |
| Title | A PRACTICAL BOOK OF PHARMACOGNOSY AND PHYTOCHEMISTRY [ SEM-IV-V] |
| 260 ## - PUBLICATION, DISTRIBUTION, ETC. (IMPRINT) | |
| Place of publication | PUNE |
| Name of publisher | NIRALI PRAKASHAN |
| 300 ## - PHYSICAL DESCRIPTION | |
| Number of Pages | A.2;p |
| 650 ## - SUBJECT ADDED ENTRY--TOPICAL TERM | |
| Topical Term | PHARMACY |
| General subdivision | B.PHARMA |
| 942 ## - ADDED ENTRY ELEMENTS (KOHA) | |
| Koha item type | Books |
| Lost status | Damaged status | Collection code | Home library | Current library | Shelving location | Date acquired | Source of acquisition | Cost, normal purchase price | Full call number | Accession Number | Koha item type |
|---|---|---|---|---|---|---|---|---|---|---|---|
| PHARMACY | JRU Library | JRU Library | Shelf - 27- B | 10/02/2022 | PURCHASE | 100.00 | 615.3 | 26275 | Books | ||
| PHARMACY | JRU Library | JRU Library | Shelf - 27- B | 10/02/2022 | PURCHASE | 100.00 | 615.3 | 26276 | Books | ||
| PHARMACY | JRU Library | JRU Library | Shelf - 27- B | 10/02/2022 | PURCHASE | 100.00 | 615.3 | 26277 | Books | ||
| PHARMACY | JRU Library | JRU Library | Shelf - 27- B | 10/02/2022 | PURCHASE | 100.00 | 615.3 | 26278 | Books | ||
| PHARMACY | JRU Library | JRU Library | Shelf - 27- B | 10/02/2022 | PURCHASE | 100.00 | 615.3 | 26279 | Books |